000 01045nam0a22002531 4500
001 rc\3454356
005 20250610113947.0
035 _a(NLR Aleph) 007882708
090 _a7927987
_c7927987
100 _a20130115d1972 |||y0rusy50 ca
101 0 _arus
102 _aRU
105 _ay z |||||
200 1 _aПроектирование и строительство предприятий черной металлургии за рубежом
_fМ-во черной металлургии СССР. Центр. науч.-исслед. ин-т информации и техн.-экон. исследований черной металлургии
210 _aМосква
_cБ. и.
_d1972
215 _a51 с.
_d20
300 _aНа обл. авт. не указан
333 _aДля служебного пользования. Экз. № 000003
700 1 _aОсада
_bП.А.
_gПетр Акимович
801 0 _aRU
_bNLR
_gpsbo
801 1 _aRU
_bELAR
_2rusmarc
852 _aNLR
_j72-50К/4871
942 _cBOOK
980 _aNB